00346nam a22001217a 450000500170000002000230001703500130004003700130005310000170006624500710008326000460015430000240020020120510151923.0 a8177080687c490.00 aB-159791 aDPLbENG aAhuja, Astha aValue added tax :bIndian and global experiences /cby Astha Ahuja aNew DelhibNew Century Publicationsc2004 axii, 263p.c20 cms.